| 000 | 00544nmm a2200169Ia 4500 | ||
|---|---|---|---|
| 008 | 251105s9999||||xx |||||||||||||||||und|| | ||
| 020 | _a9788477372011 | ||
| 041 | _aspa | ||
| 100 | _aMartínez Ruiz, Enrique | ||
| 245 | 0 |
_aLa Guerra de la Independencia (1808-1814) : _b Claves españolas en una crisis europea |
|
| 264 |
_a[Madrid, España] : _bSílex Ediciones, _c2007 |
||
| 300 | _a296 páginas | ||
| 490 | _aSerie Historia | ||
| 650 | _aHistory of Europe: Spain | ||
| 856 | _uhttps://public.digitaliapublishing.com/a/1352 | ||
| 942 | _cCF | ||
| 999 |
_c85357 _d85357 |
||